000 00912cam a2200253 a 4500
001 11768698
005 20171228060429.0
008 990810s1999 ja ab b i001 0 eng
010 _a 99006832
020 _a9280810316
035 _a(DLC) 99006832
040 _aDLC
_cDLC
_dDLC
041 _aeng
043 _af-lb---
080 _a966.6203 ALA
082 0 0 _a966.6203 ALA
_221
100 1 _a16
101 _aHIS
245 1 0 _aPeacekeepers, politicians, and warlords :
_cAbiodun Alao, John Mackinlay, and ʼFunmi Olonisakin.
504 _aIncludes bibliographical references (p. [175]-183) and index.
906 _a7
_bcbc
_corignew
_d1
_eecip
_f19
_gy-gencatlg
942 _2ddc
_cBK
999 _c39555
_d39555